000 00284nam a22001337a 4500
008 170208b xxu||||| |||| 00| 0 eng d
020 _a9780632038510
041 _aeng
080 _a61
100 _a4
101 _aSHM
245 _aMOLECULAR MEDICINE
_cBRADLEY, J
942 _2udc
_cBK
999 _c4914
_d4914